000 00688nam a22002177a 4500
005 20170124110104.0
010 _aA-543890
020 _c00.00
035 _aA-543890
037 _bCen Lib/Ret
040 _aDPL
_bEN
082 _a954
_bWRI
100 _aWright, Caleb
_927789
245 _aIndia and its inhabitants /
_cby Caleb Wright
260 _bCastle Books Private Limited
_aNew Delhi
270 _a2nd Floor, Jindal Trust Building, 1/8B Asaf Ali Road
_bNew Delhi
_e110002
300 _avii,304p. :
_c21cm(Hb)
_bill.
650 _aIndia -- Social life and customs
_9104039
650 _aIndia -- Description and travel
_926587
942 _2ddc
_cEN
_h954
_mWRI
999 _c129919
_d129919